|
|
|
|
| LEADER |
00664cam a2200229 7i4500 |
| 001 |
0000037011 |
| 005 |
20221114090000.0 |
| 007 |
##ta |
| 008 |
221114s2019 my e may d |
| 020 |
# |
# |
|a 9789672116707
|
| 040 |
# |
# |
|a MATR
|
| 090 |
0 |
# |
|a FM 899.2333
|b NUR
|
| 100 |
0 |
# |
|a Nureen Ahmad
|e author
|
| 245 |
1 |
0 |
|a JODOHKU BABYSITTER
|c Nureen Ahmad.
|
| 264 |
# |
1 |
|a Kuala Lumpur:
|b Dear Novels,
|c 2019.
|
| 300 |
# |
# |
|a 468 pages;
|c 19 cm.
|
| 336 |
# |
# |
|a text
|2 rdacontent
|
| 337 |
# |
# |
|a unmediated
|2 rdamedia
|
| 338 |
# |
# |
|a volume
|2 rdacarrier
|
| 650 |
# |
0 |
|a Malaysian fiction (Malay)
|
| 650 |
# |
0 |
|a Malay Fiction
|
| 999 |
|
|
|a 0000041910
|b Book
|c Book
|e Business Information Centre
|